| 000 | 01345nam a22003854i 4500 | ||
|---|---|---|---|
| 999 |
_c64655 _d64655 |
||
| 001 | bimo0001656274 | ||
| 003 | CO-MdFUSB | ||
| 005 | 20181024104116.0 | ||
| 008 | 010301t1988 xxk| g ||| ||eng | ||
| 017 |
_aB 46438-2000 _bOficina Depósito Legal Barcelona |
||
| 020 | _a0851107877 | ||
| 040 |
_aSpMaBN _bspa _cCO-MdFUSB _erdc _dCO-MdFUSB |
||
| 041 | 1 |
_aeng _heng |
|
| 080 | 0 | _a223.2.01 | |
| 082 |
_224 _aG 223.2 _bL856h |
||
| 100 | 1 |
_aLongman, Tremper _eautor |
|
| 245 | 0 | 0 |
_aHow to read the psalms _c/ Tremper Longman III |
| 264 | 1 |
_aLicester, Inglaterra : _bInterVarsity Press, _c℗[1988] |
|
| 264 | 4 | _c©1988 | |
| 300 |
_a166 páginas ; _c23 cm |
||
| 336 |
_2rdacontent _atexto _btxt |
||
| 337 |
_2rdamedia _asin mediación _bn |
||
| 338 |
_2rdacarrier _avolumen _bnc |
||
| 505 | _aLos Salmos entonces y ahora -- El arte de los Salmos -- Una melodía de Salmos | ||
| 563 | _aTapa rústica | ||
| 630 | 0 | 8 |
_aBiblia. _pA.T. _pSalmos _xIntroducciones |
| 942 | _cBK | ||
| 956 | _a2 | ||
| 980 |
_aB 46438-2000 _a84-8267-159-6 _aM-BN _bBNALCALA _j12/57503 _cALCALA |
||
| 980 |
_aB 46438-2000 _a84-8267-159-6 _aM-BN _bBNALCALA _jAHM/527529 _cSALA_ALC |
||
| 980 |
_aB 46438-2000 _a84-8267-159-6 _aM-BN _bBNALCALA _jDL/1032453 _cCONSERVACI |
||